[Event "2nd Hyderabad GM Open 2013"]
[Site "Hyderabad IND"]
[Date "2013.11.29"]
[Round "6.7"]
[White "Sanikidze,T"]
[Black "Soumya,Sw"]
[Result "1-0"]
[WhiteElo "2553"]
[BlackElo "2348"]

1.d4 d5 2.c4 c6 3.Nc3 Nf6 4.e3 e6 5.Nf3 Nbd7 6.Qc2 Bd6 7.Bd3 dxc4 8.Bxc4 O-O
9.O-O a6 10.Rd1 b5 11.Bd3 Bb7 12.Ng5 Bxh2+ 13.Kxh2 Ng4+ 14.Kg1 Qxg5 15.f3 Ngf6
16.e4 Qh4 17.Be3 e5 18.Ne2 Rfe8 19.b4 h6 20.dxe5 Nxe5 21.Nd4 Nh7 22.Nf5 Qf6
23.Be2 Rad8 24.f4 Ng6 25.e5 Nxe5 26.fxe5 Qxe5 27.Qc5 Rd5 28.Rxd5 cxd5 29.Rf1 Bc8
30.Bg4 Bxf5 31.Bd4 Qg3 32.Bxf5 g6 33.Bd7 Re1 34.Qc8+ Nf8 35.Bc5 Rxf1+ 36.Kxf1 Qd3+
37.Kg1 Qd1+ 38.Kh2 Qh5+ 39.Bh3 Qe5+ 40.g3 Qg7 41.Qxf8+ Qxf8 42.Bxf8 Kxf8
43.Bc8 Ke7 44.Bxa6 f5 45.Bxb5 Kd6 46.Bd3  1-0

[Event "2nd Hyderabad GM Open 2013"]
[Site "Hyderabad IND"]
[Date "2013.11.29"]
[Round "6.2"]
[White "Greenfeld,A"]
[Black "Popov,Iv RUS"]
[Result "0-1"]
[WhiteElo "2545"]
[BlackElo "2652"]

1.d4 d5 2.c4 c6 3.Nf3 Nf6 4.Nc3 e6 5.e3 Nbd7 6.Bd3 dxc4 7.Bxc4 b5 8.Bd3 a6
9.e4 c5 10.d5 Qc7 11.O-O Bb7 12.Bc2 Bd6 13.dxe6 fxe6 14.Ng5 Nf8 15.f4 O-O-O
16.Qe2 h6 17.Nf3 Bxf4 18.e5 Bxf3 19.Rxf3 Bxe5 20.a4 Ng4 21.g3 b4 22.Qxa6+ Qb7
23.Qe2 bxc3 24.bxc3 Nd7 25.Rb1 Qc6 26.Be4 Qxa4 27.Rf7 Rhf8 28.Qxg4 Bd4+ 29.Be3 Bxe3+
30.Kh1 Qa2 31.Re7 Rf2 32.Qh5 Qxb1+  0-1

[Event "9th Ugra Governor's Cup"]
[Site "Khanty-Mansiysk RUS"]
[Date "2013.11.29"]
[Round "2.12"]
[White "Smirnov,P"]
[Black "Goryachkina,A"]
[Result "1/2-1/2"]
[WhiteElo "2641"]
[BlackElo "2438"]

1.d4 d5 2.c4 c6 3.Nc3 Nf6 4.e3 e6 5.Nf3 Nbd7 6.Bd3 dxc4 7.Bxc4 b5 8.Bd3 Bd6
9.Bd2 Bb7 10.Rc1 Rc8 11.O-O O-O 12.a3 a5 13.e4 e5 14.dxe5 Nxe5 15.Nxe5 Bxe5
16.Qe2 Re8 17.Rfd1 Qd6 18.g3 Qe6 19.f3 h5 20.Be3 g6 21.Qf2 Rcd8 22.Bf1 Rd7
23.Rxd7 Nxd7 24.Rd1 Bc8 25.f4 Bxc3 26.bxc3 Qxe4 27.Re1 Nf6 28.Bg2 Qe6 29.Qd2 Bd7
30.Bf2 Qf5 31.Rxe8+ Nxe8 32.h3 Qe6 33.Qd4 Nd6 34.Qa7 Nc4 35.Bd4 Qe8 36.Qc5 Nd2
37.Be5 Nc4 38.Bd4 Nd2 39.Qg5 Qe1+ 40.Kh2 Qe2 41.Qd8+ Be8 42.Kg1 Qe1+ 43.Kh2 Qe2
44.Kg1 c5 45.Bf6 Kh7 46.Qe7 Qxe7 47.Bxe7 c4 48.Bd8 b4 49.cxb4 c3 50.Bf6 c2
51.Bb2 axb4 52.axb4 Nb3 53.Bd5 c1=Q+ 54.Bxc1 Nxc1 55.Bc4 Bd7 56.b5 Bxh3 57.b6 Bc8
58.Kf2 f6 59.Ke3 g5 60.Kd2 h4 61.gxh4 gxh4 62.Kxc1 Bb7 63.Bf1 Kg6 64.Bh3 Kf7
65.Kd2 Ke7 66.Ke3 Kd6 67.f5 Kc5 68.Kf4 Kxb6 69.Kg4 Bc8 70.Kxh4 Bxf5  1/2-1/2

[Event "2nd Hyderabad GM Open 2013"]
[Site "Hyderabad IND"]
[Date "2013.11.30"]
[Round "7.3"]
[White "Sanikidze,T"]
[Black "Ter Sahakyan,S"]
[Result "1/2-1/2"]
[WhiteElo "2553"]
[BlackElo "2568"]

1.d4 d5 2.c4 c6 3.Nf3 Nf6 4.e3 e6 5.Nc3 Nbd7 6.Qc2 Bd6 7.Bd3 O-O 8.O-O dxc4
9.Bxc4 a6 10.Rd1 b5 11.Be2 Qc7 12.Ne4 Nxe4 13.Qxe4 Bb7 14.Bd3 g6 15.Qh4 c5
16.Ng5 h5 17.Ne4 Bxe4 18.Bxe4 Rac8 19.g3 Rfd8 20.Bd2 Bf8 21.Rac1 Bg7 22.b3 Qb6
23.dxc5 Nxc5 24.Bb1 a5 25.b4 Nb7 26.Rxc8  1/2-1/2

[Event "Pushchino Autumn 2013"]
[Site "Pushchino RUS"]
[Date "2013.11.30"]
[Round "7.4"]
[White "Mirzoeva,E"]
[Black "Romanko,M"]
[Result "0-1"]
[WhiteElo "2248"]
[BlackElo "2399"]

1.d4 d5 2.c4 c6 3.Nc3 Nf6 4.e3 e6 5.Nf3 Nbd7 6.Bd3 dxc4 7.Bxc4 b5 8.Bb3 Bb7
9.O-O Be7 10.Re1 b4 11.Na4 c5 12.Nxc5 Nxc5 13.dxc5 O-O 14.Qe2 Bxc5 15.Rd1 Qc7
16.Bd2 Ng4 17.h3 Ne5 18.Nd4 Qb6 19.Qh5 Nd3 20.Rab1 e5 21.Nf5 Rad8 22.Qg5 g6
23.Be1 Kh8 24.Nh6 f6 25.Qg3 Rd7 26.e4 Bxe4 27.Bc4 Qd8 28.Be6 Rd6 29.Bf7 Nf4
30.Qb3 Bxb1 31.Rxb1 Rd3 32.Qa4 Qa8  0-1

[Event "Saint Louis Thanksgiving Open 2013"]
[Site "Saint Louis USA"]
[Date "2013.11.30"]
[Round "2.1"]
[White "Corrales Jimenez,F"]
[Black "Larson,Matthew W"]
[Result "1-0"]
[WhiteElo "2602"]
[BlackElo "2101"]

1.d4 d5 2.c4 c6 3.Nc3 Nf6 4.e3 e6 5.Nf3 Nbd7 6.Bd3 dxc4 7.Bxc4 b5 8.Bd3 Bb7
9.O-O a6 10.e4 c5 11.d5 c4 12.Bc2 Qc7 13.Nd4 Nc5 14.h3 O-O-O 15.Be3 exd5
16.Nxd5 Nxd5 17.exd5 Bxd5 18.a4 b4 19.Rc1 Kb8 20.Qd2 Qb7 21.f3 g6 22.Rfd1 Be7
23.Qf2 Ne6 24.Be4 Bxe4 25.fxe4 Rc8 26.Qxf7 Ng5 27.Qd5 Qxd5 28.exd5 Kb7 29.Nc6 Bf6
30.Rxc4 Rhe8 31.Rxb4+ Ka8 32.Rd3 Re4 33.Bxg5 Rxb4 34.Bxf6 Rf4 35.Be7  1-0

[Event "9th Ugra Governor's Cup"]
[Site "Khanty-Mansiysk RUS"]
[Date "2013.12.01"]
[Round "4.15"]
[White "Bukavshin,I"]
[Black "Iskusnyh,S"]
[Result "1-0"]
[WhiteElo "2578"]
[BlackElo "2471"]

1.d4 d5 2.c4 c6 3.Nc3 Nf6 4.e3 e6 5.Nf3 a6 6.Bd3 dxc4 7.Bxc4 b5 8.Be2 c5
9.O-O Bb7 10.dxc5 Qxd1 11.Rxd1 Bxc5 12.Nd2 O-O 13.Nb3 Bb4 14.a3 Bxc3 15.bxc3 Bd5
16.Nd2 Nbd7 17.f3 Nc5 18.c4 bxc4 19.Nxc4 Nb3 20.Rb1 Nxc1 21.Rdxc1 Bxc4 22.Rxc4 g6
23.e4 Rfc8 24.Rxc8+ Rxc8 25.a4 a5 26.Rb5 Ra8 27.Kf2 Ra7 28.g4 h6 29.h4 Kf8
30.Ke3 Ke7 31.Rb8 h5 32.g5 Nd7 33.Rb5 Kd6 34.f4 Kc6 35.Kd4 Nb6 36.Rc5+ Kd6
37.Bb5 Na8 38.e5+ Ke7 39.Rc8 Nc7 40.Bc6  1-0

[Event "9th Ugra Governor's Cup"]
[Site "Khanty-Mansiysk RUS"]
[Date "2013.12.01"]
[Round "4.20"]
[White "Smirnov,Alexey"]
[Black "Sharafiev,A"]
[Result "1/2-1/2"]
[WhiteElo "2429"]
[BlackElo "2403"]

1.d4 d5 2.c4 c6 3.Nf3 Nf6 4.Nc3 e6 5.e3 Nbd7 6.Bd3 dxc4 7.Bxc4 b5 8.Bd3 Bb7
9.e4 b4 10.Na4 c5 11.e5 Nd5 12.O-O cxd4 13.Re1 g6 14.Bg5 Qa5 15.Nxd4 a6 16.a3 Bg7
17.axb4 Nxb4 18.Bb5 axb5 19.Nxe6 fxe6 20.Qd6 Nd5 21.Qxe6+ Kf8 22.Qxd7 Qc7
23.Be7+ Kf7 24.e6+ Kg8 25.Nc5 Bxb2 26.Rad1 Bc6 27.Qxc7 Nxc7 28.h4 Kg7 29.Rd6 Be8
30.Bg5 h6 31.Bc1 Bxc1 32.Rxc1 Ra7 33.e7 b4 34.Rb1 Nb5 35.Rb6 Nc3 36.R1xb4 Nd5
37.Rb7 Ra1+ 38.Rb1 Rxb1+ 39.Rxb1 Bf7 40.Nd3 Nxe7 41.Rb7 Nc6 42.Rc7 Rd8 43.Rxc6 Rxd3
44.Kh2 Bd5 45.Rd6 Be4 46.Ra6 Rc3 47.Rd6 Rc6 48.Rd4 Re6 49.Kg3 Kf6 50.f3 Bf5
51.Rd2 Rc6 52.Ra2 Rc2 53.Ra6+ Be6 54.Rb6 Re2 55.Ra6 h5 56.Rb6 Ke5 57.Rb5+ Kd4
58.Rb6 Bf5 59.Ra6 Rb2 60.Ra1 Ke3 61.Re1+ Kd2 62.Kf2 Bd3 63.Ra1 Bb1 64.g4 Kc1+
65.Kg3 Ra2 66.Rxa2 Bxa2 67.Kf4 Kd2 68.Kg5 Bf7 69.f4 Ke3 70.f5 gxf5 71.Kxf5  1/2-1/2

[Event "TCh-CZE Extraliga 2013-14"]
[Site "Ostrava CZE"]
[Date "2013.12.01"]
[Round "4.5"]
[White "Markos,J"]
[Black "Velicka,P"]
[Result "1-0"]
[WhiteElo "2589"]
[BlackElo "2413"]

1.d4 d5 2.c4 c6 3.Nc3 Nf6 4.e3 e6 5.Nf3 Nbd7 6.Qc2 Bd6 7.Bd3 O-O 8.O-O dxc4
9.Bxc4 a6 10.Rd1 b5 11.Be2 Qc7 12.e4 e5 13.g3 Bb7 14.Bg5 exd4 15.Nxd4 Rfe8
16.Nf5 Be5 17.f4 Bxc3 18.Qxc3 Qb6+ 19.Kf1 b4 20.Qe3 Qxe3 21.Nxe3 Rxe4 22.Nf5 Nd5
23.Nd6 Nc5 24.Nxe4 Nxe4 25.Rd4 Ne3+ 26.Kg1 Nxg5 27.fxg5 Nc2 28.Rd7 Nxa1 29.Rxb7 Nc2
30.Bxa6 c5 31.Bc4 Ne3 32.Bxf7+ Kf8 33.Rc7 Rd8 34.Be6 Rd2 35.Rxc5 Rg2+ 36.Kh1 Rxb2
37.h4 Nf1 38.Bb3 Nxg3+ 39.Kg1 Ne2+ 40.Kf1 Nd4 41.Rc8+ Ke7 42.Rc7+ Kd6 43.Rxg7 Ke5
44.Rxh7 Kf4 45.g6 Nf3 46.Rf7+ Kg3 47.Rxf3+ Kxf3 48.Bd5+  1-0

[Event "Pushchino Autumn 2013"]
[Site "Pushchino RUS"]
[Date "2013.12.01"]
[Round "8.3"]
[White "Zherebtsova,A"]
[Black "Romanko,M"]
[Result "0-1"]
[WhiteElo "2081"]
[BlackElo "2399"]

1.d4 d5 2.c4 c6 3.Nc3 Nf6 4.Nf3 e6 5.e3 Nbd7 6.Qc2 b6 7.Bd3 Bb7 8.O-O Be7
9.e4 dxe4 10.Nxe4 h6 11.Bf4 Nxe4 12.Bxe4 O-O 13.Rad1 Nf6 14.Ne5 Nxe4 15.Qxe4 Qe8
16.Rd3 f5 17.Qe2 Rd8 18.Rfd1 Kh7 19.Qc2 Bd6 20.c5 Bb8 21.Rb3 b5 22.Rh3 Rg8
23.Qc1 Qf8 24.Nf3 Bxf4 25.Qxf4 Qf6 26.Qc7 Ba8  0-1

[Event "ch-IRI 2013"]
[Site "Tabriz IRI"]
[Date "2013.12.01"]
[Round "6.2"]
[White "Alavi,S"]
[Black "Pourramezanali,A"]
[Result "1/2-1/2"]
[WhiteElo "2455"]
[BlackElo "2458"]

1.Nf3 d5 2.d4 Nf6 3.c4 c6 4.e3 e6 5.Nc3 Nbd7 6.Qc2 Bd6 7.Bd3 dxc4 8.Bxc4 O-O
9.O-O e5 10.Bb3 Qe7 11.h3 a5 12.a3 Bc7 13.Bd2 h6 14.Nh4 Rd8 15.Rad1 Nf8 16.dxe5 Qxe5
17.f4 Qh5 18.Be1 Be6 19.Bf2 Rxd1 20.Rxd1 Rd8 21.Rxd8 Bxd8 22.Bxe6  1/2-1/2

[Event "Battle of the Generations 2013"]
[Site "Moscow RUS"]
[Date "2013.12.02"]
[Round "1"]
[White "Shirov,A"]
[Black "Dubov,Danii"]
[Result "1/2-1/2"]
[WhiteElo "2695"]
[BlackElo "2629"]

1.d4 d5 2.c4 e6 3.Nc3 c6 4.e3 Nf6 5.Nf3 Nbd7 6.Qc2 Bd6 7.b3 O-O 8.Bb2 dxc4
9.Bxc4 b5 10.Bd3 Bb7 11.O-O Rc8 12.e4 b4 13.Na4 c5 14.dxc5 Nxc5 15.Nxc5 Rxc5
16.Qe2 Qb8 17.Bd4 Ra5 18.g3 Nd7 19.Nd2 Be5 20.Qe3 Rd8 21.Rfd1 Bxd4 22.Qxd4 Bc6
23.Be2 Nf6 24.Qe3 h6 25.Rdc1 Bb5 26.Rc2 Bxe2 27.Qxe2 Nd7 28.Nc4 Rc5 29.Rd1 Nb6
30.Rxd8+ Qxd8 31.Rd2 Qc7 32.Nxb6 Qxb6 33.Rd7 Rc7 34.Rxc7  1/2-1/2

[Event "ch-IRI 2013"]
[Site "Tabriz IRI"]
[Date "2013.12.02"]
[Round "8.18"]
[White "Pooreraghian,M"]
[Black "Asnaashari,Soh"]
[Result "1/2-1/2"]
[WhiteElo "2076"]
[BlackElo "2149"]

1.Nf3 d5 2.d4 Nf6 3.c4 c6 4.Nc3 e6 5.e3 Nbd7 6.Qc2 Bd6 7.b3 O-O 8.Be2 Re8
9.O-O Qe7 10.Bb2 b6 11.e4 dxe4 12.Nxe4 Nxe4 13.Qxe4 Bb7 14.Bd3 f5 15.Qe2 c5
16.Rfe1 cxd4 17.Nxd4 Ne5 18.Bc2 Qg5 19.g3 Ng4 20.f3 Nh6 21.Rad1 e5 22.Nb5 Bc5+
23.Kf1 Qh5 24.Rd5 Bxd5 25.cxd5 Rad8 26.Kg2 a6 27.Nc7 Re7 28.Nxa6 Rxd5 29.b4 e4
30.Bb3 exf3+ 31.Qxf3 Qxf3+ 32.Kxf3 Rxe1 33.Bxd5+ Kf8 34.bxc5 bxc5 35.Nxc5 Ng4
36.Ne6+ Ke7 37.Ba3+ Kf6 38.Bb2+ Ke7 39.Bxg7 Nxh2+ 40.Kg2 Ng4 41.Nf4 Rd1 42.Kh3 Rd2
43.Kh4 Nf6 44.Bxf6+ Kxf6 45.Nh5+ Ke5 46.Bf7 h6 47.Kh3 Rd7 48.Be8 Rd8 49.Bb5 Rd1
50.Nf4 h5 51.Kg2 Rd2+ 52.Kh3 Rxa2 53.Nxh5 Rb2 54.Be8 Rb4 55.Bg6 Ra4 56.Be8 Ra8
57.Bc6 Ra6 58.Bb5 Ra5 59.Bd3 Ra4 60.Kg2 f4  1/2-1/2

[Event "34th El Corte Ingles"]
[Site "Las Palmas ESP"]
[Date "2013.12.03"]
[Round "2.16"]
[White "Saad Addin Quintana,S"]
[Black "Agejas Garcia,Diego"]
[Result "1-0"]
[WhiteElo "1853"]
[BlackElo "1358"]

1.d4 d5 2.c4 e6 3.Nc3 Nf6 4.Nf3 c6 5.e3 Nbd7 6.Bd3 Be7 7.O-O O-O 8.a3 c5
9.Bd2 b6 10.cxd5 Nxd5 11.Rc1 Bb7 12.Qe2 cxd4 13.exd4 N7f6 14.Bb1 Qd6 15.Ne5 Rac8
16.Qd3 Nxc3 17.Bxc3 Qd5 18.f3 Rfd8 19.Rfe1 g6 20.Qe3 Bf8 21.Qf4 Bg7 22.Be4 Nxe4
23.Qxf7+ Kh8 24.fxe4 Qd6 25.Qxb7  1-0

[Event "Moscow Cup Final 2013"]
[Site "Moscow RUS"]
[Date "2013.12.03"]
[Round "4.2"]
[White "Dragomarezkij,E"]
[Black "Myshakov,F"]
[Result "1/2-1/2"]
[WhiteElo "2377"]
[BlackElo "2278"]

1.c4 c6 2.Nf3 d5 3.e3 Nf6 4.Nc3 e6 5.d4 Bd6 6.Qc2 O-O 7.b3 b6 8.Bd3 Bb7 9.O-O Nbd7
10.Rd1 Rc8 11.e4 dxe4 12.Bxe4 h6 13.Bd3 c5 14.Ne4 Nxe4 15.Bxe4 Bxe4 16.Qxe4 Nf6
17.Qe2 Qe7 18.Bb2 Rfd8 19.Rd3 cxd4 20.Bxd4 Bc5 21.Rad1 Bxd4 22.Nxd4 Rd7 23.h3 Qe8
24.Nb5 Rxd3 25.Qxd3 Qe7 26.Qd6 Qb7 27.Qa3 Ra8 28.Qd6 Rc8 29.Qd4 Qe7 30.Rd3 Kh7
31.Kf1 Kg8 32.Ke2 Kh7 33.f3 Kg8 34.Kd1 Kh7 35.Kc2 a6 36.Nd6 Rc6 37.Ne4 e5
38.Nxf6+ Qxf6 39.Qe4+ g6 40.Rd5 Re6 41.a4 Qe7 42.Kb2 Qg5 43.Qe2 Qf4 44.Qd2 Qf6
45.Qc3 Qg5 46.g4 Kg8 47.Ka3 Qf6 48.a5 bxa5 49.Rxa5 Qe7+ 50.Qb4 Qf6 51.Qc3 Qe7+
52.Qb4 Qf6 53.Qc3 Qe7+  1/2-1/2

[Event "Snowdrops vs Old Hands Match 2013"]
[Site "Podebrady CZE"]
[Date "2013.12.03"]
[Round "4.3"]
[White "Uhlmann,W"]
[Black "Ziaziulkina,N"]
[Result "0-1"]
[WhiteElo "2334"]
[BlackElo "2350"]

1.c4 c6 2.d4 d5 3.Nf3 Nf6 4.Nc3 e6 5.e3 Nbd7 6.Qc2 Bd6 7.Be2 O-O 8.O-O dxc4
9.Bxc4 a6 10.Rd1 Qc7 11.h3 b5 12.Bd3 c5 13.dxc5 Qxc5 14.Ne4 Qxc2 15.Bxc2 Be7
16.Nd6 Nc5 17.Ne5 Bxd6 18.Rxd6 Bb7 19.f3 Rfd8 20.Rxd8+ Rxd8 21.e4 Nfd7 22.Nxd7 Nxd7
23.Be3 Ne5 24.b3 f6 25.Kf1 Kf7 26.Ke2 Rc8 27.Rc1 Nc6 28.Rd1 Nd4+ 29.Rxd4 Rxc2+
30.Kd3 Rc7 31.Rd8 Ke7 32.Rh8 h6 33.b4 e5 34.h4 Bc6 35.Bc5+ Kf7 36.h5 Bb7
37.Rd8 Bc6 38.Ke3 Ke6 39.g3 Bd7 40.Rg8 Bc6 41.Rb8 f5 42.exf5+ Kxf5 43.Rb6 Ke6
44.Rxa6 Kd5 45.Ra3 Kc4 46.Ke2 e4 47.fxe4 Bxe4 48.Ke3 Bc2 49.Kd2 Bb1 50.Ra6 Bf5
51.Ke3 Bg4 52.Bd6 Rf7 53.Ke4 Bf3+ 54.Ke5 Bxh5 55.Rc6+ Kd3 56.Rb6 Bg4 57.Kd5 Bf3+
58.Ke6 Rf6+ 59.Ke7 Kc4 60.Rb8 Bg4 61.Rd8 h5 62.Bc5 Rf3 63.Bd6 g5 64.Rg8 Re3+
65.Kd8 Rd3 66.Kc7 Rd5 67.Rg7 Bf3 68.Rf7 g4 69.Bc5 Rd2 70.Rf4+ Kc3 71.Kb6 Be2
72.a3 Kb3 73.Rf5 Kxa3 74.Rxh5 Ka4 75.Re5 Rc2 76.Re3 Bf3 77.Re1 Ra2 78.Re7 Be2
79.Re3 Rb2 80.Rc3 Rb3 81.Rc1 Rxg3 82.Rc2 Bc4 83.Rc1 Rh3 84.Rg1 Rh6+ 85.Kc7 Rg6
86.Rg3 Be2 87.Re3 Bf1 88.Bd6 Bc4 89.Rg3 Be2 90.Re3 Bf3 91.Bc5 Bh1 92.Re1 Bd5
93.Rd1 Bc4 94.Rd6 Rg8 95.Rd8 Rg5 96.Rd1 g3 97.Kd6 g2 98.Rg1 Bf1 99.Kc6 Rg4  0-1

[Event "IV JAHV McGregor 2013"]
[Site "Bogota COL"]
[Date "2013.12.05"]
[Round "3.31"]
[White "Chirivi C,Y"]
[Black "Figueroa Navarro,J"]
[Result "1-0"]
[WhiteElo "2211"]
[BlackElo "2002"]

1.d4 Nf6 2.c4 e6 3.Nf3 d5 4.Nc3 c6 5.e3 Nbd7 6.Bd3 Bb4 7.O-O O-O 8.Qc2 Re8
9.a3 Ba5 10.b4 Bc7 11.Rd1 Qe7 12.e4 dxe4 13.Nxe4 h6 14.Nxf6+ Nxf6 15.Bb2 a5
16.Bc3 Nd7 17.Ne5 Nxe5 18.dxe5 c5 19.b5 b6 20.Bh7+ Kf8 21.Be4 Rb8 22.Bc6 Rd8
23.Qh7 f5 24.exf6 gxf6 25.Qxh6+ Qg7 26.Qxf6+ Qxf6 27.Bxf6 Rxd1+ 28.Rxd1 Bb7
29.Rd7 Bxc6 30.bxc6 Rc8 31.Rh7  1-0

[Event "9th Ugra Governor's Cup B"]
[Site "Khanty-Mansiysk RUS"]
[Date "2013.12.05"]
[Round "8"]
[White "Lichkun,D"]
[Black "Samartsev,A"]
[Result "0-1"]
[WhiteElo "1991"]
[BlackElo "2160"]

1.d4 d5 2.c4 c6 3.Nc3 e6 4.e3 Nf6 5.Nf3 Nbd7 6.Bd3 Bd6 7.O-O O-O 8.Nd2 e5
9.f4 exd4 10.exd4 c5 11.Nxd5 Nxd5 12.Bxh7+ Kxh7  0-1

[Event "9th Ugra Governor's Cup B"]
[Site "Khanty-Mansiysk RUS"]
[Date "2013.12.05"]
[Round "8"]
[White "Sergeev,Ve"]
[Black "Orekhov,N"]
[Result "1/2-1/2"]
[WhiteElo "2374"]
[BlackElo "2139"]

1.d4 d5 2.c4 c6 3.Nc3 Nf6 4.Nf3 e6 5.e3 Nbd7 6.Qc2 Bd6 7.Bd3 O-O 8.O-O dxc4
9.Bxc4 b5 10.Be2 Bb7 11.Rd1 Qc7 12.e4 e5 13.g3 Rfe8 14.a3 a5 15.dxe5 Nxe5
16.Nd4 Bc5 17.Nf5 Neg4 18.Bxg4 Nxg4 19.Bf4 Qb6 20.Rd2 Rad8 21.Rad1 Rxd2 22.Rxd2 Rd8
23.Bd6 Bxd6 24.Rxd6 Rxd6 25.Nxd6  1/2-1/2

[Event "9th Ugra Governor's Cup"]
[Site "Khanty-Mansiysk RUS"]
[Date "2013.12.05"]
[Round "8.19"]
[White "Gordievsky,D"]
[Black "Potapov,P"]
[Result "1/2-1/2"]
[WhiteElo "2448"]
[BlackElo "2468"]

1.d4 d5 2.c4 c6 3.Nf3 Nf6 4.Nc3 e6 5.e3 Nbd7 6.Bd3 dxc4 7.Bxc4 b5 8.Bd3 a6
9.e4 c5 10.e5 cxd4 11.Nxb5 axb5 12.exf6 gxf6 13.O-O Qb6 14.Qe2 b4 15.Bf4 Bc5
16.Nd2 Bb7 17.Rac1 e5 18.Rfe1 h5 19.Be4 Bxe4 20.Nxe4 Be7 21.Ng3 Qa6 22.Qe4 Nc5
23.Rxc5 Bxc5 24.Bxe5 O-O 25.Bxd4 Qc4 26.Bxc5 Qxc5 27.Qf4 Qg5 28.Qxb4 Rxa2
29.h4 Qa5 30.Qe7 Rxb2 31.Re3 Rb1+ 32.Kh2 Rb6 33.Ne4 Qb4 34.Qd7 Re6 35.Qd5 Rc8
36.Qf5 Kf8 37.Qxh5 Rxe4 38.Qh8+ Ke7 39.Qxc8 Rxe3 40.fxe3 Qxh4+ 41.Qh3 Qe4
42.Qh6 Qe5+ 43.Kg1 Ke6 44.Qh3+ Ke7 45.Qf3 Qa1+ 46.Kf2 Qb2+ 47.Kg3 Qe5+ 48.Qf4 Qc3
49.Kg4 Qc8+ 50.Qf5 Qc4+ 51.Kg3 Qc7+ 52.Kf3 Qc1 53.Qe4+ Kf8 54.Kg4 Kg7 55.Qf3 Qc4+
56.Qf4 Qd5 57.Kh3 Qc5 58.Kg3 Qd5 59.Qd4 Qc6 60.Qg4+ Kf8 61.Qf3 Qd6+ 62.Qf4 Qc6
63.Qf3 Qd6+ 64.Kh4 Ke7 65.Qe4+ Kf8 66.Kg4 Kg7 67.Qf4 Qc6 68.e4 Qc2 69.Qf3 Qc5
70.Kh3 Qd4 71.Kh4 Qd2 72.Qg4+ Kf8  1/2-1/2

[Event "IV JAHV McGregor 2013"]
[Site "Bogota COL"]
[Date "2013.12.06"]
[Round "4.14"]
[White "Vera Gonzalez Quevedo,R"]
[Black "Otalora,C"]
[Result "1-0"]
[WhiteElo "2446"]
[BlackElo "2128"]

1.d4 d5 2.c4 c6 3.Nc3 Nf6 4.e3 e6 5.Nf3 Nbd7 6.Bd3 dxc4 7.Bxc4 b5 8.Bd3 a6
9.e4 c5 10.d5 Qc7 11.O-O Be7 12.Bc2 c4 13.dxe6 fxe6 14.Qe2 e5 15.a4 Rb8 16.axb5 axb5
17.Ng5 Qc6 18.Nd5 Bd8 19.b3 h6 20.Nf3 O-O 21.Rd1 Re8 22.Bb2 Bb6 23.bxc4 bxc4
24.Ba4 Qe6 25.Nxf6+ gxf6 26.Nh4 Re7 27.Nf5 Bc5 28.Nxe7+ Bxe7 29.Bc1 Bc5 30.Qh5  1-0

[Event "9th Ugra Governor's Cup"]
[Site "Khanty-Mansiysk RUS"]
[Date "2013.12.06"]
[Round "9.10"]
[White "Bukavshin,I"]
[Black "Pridorozhni,A"]
[Result "1-0"]
[WhiteElo "2578"]
[BlackElo "2517"]

1.d4 d5 2.c4 c6 3.Nc3 Nf6 4.Nf3 e6 5.e3 Nbd7 6.Qc2 b6 7.Bd3 Bb7 8.O-O Be7
9.b3 Rc8 10.Bb2 c5 11.Ne5 cxd4 12.exd4 a6 13.Rad1 dxc4 14.bxc4 Nxe5 15.dxe5 Nd7
16.Ne4 Bxe4 17.Bxe4 b5 18.Qe2 Rxc4 19.a4 Qb8 20.axb5 axb5 21.Bd3 Rc5 22.Bd4 Rd5
23.Be4 Rxd4 24.Rxd4 Nxe5 25.Ra1 O-O 26.Ra8 Qb6 27.Bxh7+ Kxh7 28.Rxf8 Bxf8
29.Qxe5 Kg8 30.Rd7 Qc6 31.Rc7 Qa6 32.Qf4 Qa1+ 33.Qc1 Qd4 34.g3 g6 35.Qc6 b4
36.Qf3 Qg7 37.h4 Bd6 38.Rb7 Bf8 39.Kh2 Bd6 40.Kg2 Bf8 41.Qf4 Bc5 42.Qb8+ Qf8
43.Qf4 Bd6 44.Qf6 Qg7 45.Qf3 Qf8 46.h5 gxh5 47.Qxh5 Qg7 48.Rd7 Bf8 49.Rd8 f5
50.Rb8 Qf7 51.Qf3 Qc7 52.Qa8 Qc5 53.Rc8 Qd6 54.Rd8 Qe7 55.Qc8 Qf6 56.Re8 e5
57.Re6 Qg7 58.Qe8 Qb7+ 59.Kh2 f4 60.Rg6+ Kh7 61.Rg4 fxg3+ 62.Rxg3 Bg7 63.Qe6  1-0

[Event "Porec Open 2013"]
[Site "Porec CRO"]
[Date "2013.12.06"]
[Round "4.10"]
[White "Pahljina,Marko"]
[Black "Bratkovic,Jakob"]
[Result "0-1"]
[WhiteElo "1544"]
[BlackElo "1981"]

1.d4 d5 2.Nf3 Nf6 3.e3 c6 4.c4 e6 5.Nc3 Nbd7 6.Bd3 dxc4 7.Bxc4 b5 8.Bd3 Bb7
9.O-O a6 10.a4 b4 11.Ne4 Nxe4 12.Bxe4 Nf6 13.Bd3 c5 14.a5 Be7 15.Qa4+ Qd7
16.Qxd7+ Nxd7 17.Be2 O-O 18.Rd1 Bf6 19.Bd2 Rab8 20.Be1 e5 21.Nxe5 Nxe5 22.dxe5 Bxe5
23.Rab1 Be4 24.Rbc1 Bxb2 25.Rxc5 b3 26.f3 Bc2 27.Rd2 Bc1 28.Rdxc2 Bxe3+ 29.Bf2 Bxc5
30.Rxc5 b2 31.Bd3 Rfd8  0-1

[Event "IV JAHV McGregor 2013"]
[Site "Bogota COL"]
[Date "2013.12.07"]
[Round "7.63"]
[White "Vera Gonzalez Quevedo,R"]
[Black "Suasnabar,J"]
[Result "1-0"]
[WhiteElo "2446"]
[BlackElo "1998"]

1.d4 d5 2.c4 c6 3.Nc3 Nf6 4.e3 e6 5.Nf3 a6 6.b3 Bb4 7.Bd2 Nbd7 8.Bd3 O-O
9.O-O Bd6 10.Qc2 Qe7 11.Rfe1 e5 12.cxd5 cxd5 13.e4 dxe4 14.Nxe4 Nxe4 15.Bxe4 h6
16.Bc3 f6 17.Bd5+ Rf7 18.Qg6 Nf8 19.Qxf7+ Qxf7 20.Bxf7+ Kxf7 21.dxe5 fxe5
22.Rad1 Bc7 23.Nxe5+ Bxe5 24.Bxe5 Be6 25.Rc1 Rc8 26.Rxc8 Bxc8 27.Rc1  1-0

[Event "ch-HUN w 2013"]
[Site "Heviz HUN"]
[Date "2013.12.07"]
[Round "5.1"]
[White "Papp,Petra"]
[Black "Varga,Me"]
[Result "1-0"]
[WhiteElo "2305"]
[BlackElo "2184"]

1.d4 d5 2.Nf3 Nf6 3.c4 c6 4.e3 e6 5.Nc3 Nbd7 6.Qc2 Bd6 7.Bd3 dxc4 8.Bxc4 b5
9.Be2 O-O 10.O-O Bb7 11.e4 e5 12.dxe5 Nxe5 13.Nd4 Neg4 14.g3 b4 15.Nf5 bxc3
16.Bxg4 Be5 17.Bf3 Qa5 18.bxc3 Qxc3 19.Qxc3 Bxc3 20.Rb1 Ba6 21.Rd1 Rfd8 22.Ne7+ Kh8
23.Rxd8+ Rxd8 24.Nxc6 Re8 25.Rb3 Ba1 26.Be3 h6 27.Bxa7 Nxe4 28.Rb8 Rxb8 29.Nxb8 Bd3
30.a4 Bc3 31.Bb6 Nd6 32.Bd5 Nc4 33.Bc7 f6 34.Nc6 Nb2 35.a5 Na4 36.Nb8 Nc5
37.Bb6 Na6 38.Nxa6 Bxa6 39.Bg2 Kg8 40.Bf1 Bxa5 41.Bxa5 Bc8 42.Bc4+ Kh7 43.Bd3+ g6
44.Kf1 Bg4 45.Ke1 Kg7 46.Bc4 g5 47.Kd2 Bd7 48.Ke3 Bc6 49.Bc3 h5 50.Kd4 h4
51.gxh4 gxh4 52.Bd5  1-0

[Event "TCh-AUT 1st Bundesliga 2013-14"]
[Site "Jenbach AUT"]
[Date "2013.12.07"]
[Round "2.3"]
[White "Maksimenko,An"]
[Black "Poetsch,H"]
[Result "1/2-1/2"]
[WhiteElo "2547"]
[BlackElo "2475"]

1.d4 d5 2.c4 c6 3.Nc3 Nf6 4.e3 e6 5.Nf3 Nbd7 6.Bd3 dxc4 7.Bxc4 b5 8.Be2 Bd6
9.Ng5 O-O 10.Qc2 Bb7 11.O-O Qc7 12.f4 b4 13.Nce4 c5 14.Nxd6 Qxd6 15.Rd1 Rac8
16.dxc5 Qxc5 17.Qxc5 Nxc5 18.Bd2 a5 19.b3 h6 20.Nf3 Nce4 21.Bc4 Ng4 22.Bc1 Rfd8
23.Rxd8+ Rxd8 24.Nd4 e5 25.fxe5 Nxe5 26.Bf1 Rc8 27.a3 bxa3 28.Bxa3 Ng4 29.Bc1 Rc3
30.Bb2 Rxe3 31.Rxa5 Nd2 32.Be2 Nxb3 33.Ra7 Nxd4 34.Bxg4 Re4 35.Bh5 g6 36.Bxd4 Rxd4
37.Rxb7  1/2-1/2

[Event "TCh-AUT 1st Bundesliga 2013-14"]
[Site "Jenbach AUT"]
[Date "2013.12.07"]
[Round "2.6"]
[White "Handler,L"]
[Black "Petschar,K"]
[Result "0-1"]
[WhiteElo "2402"]
[BlackElo "2338"]

1.d4 d5 2.c4 c6 3.Nf3 Nf6 4.Nc3 e6 5.e3 Nbd7 6.Qc2 Bd6 7.Bd3 O-O 8.O-O dxc4
9.Bxc4 Qe7 10.h3 Re8 11.Bd2 e5 12.Bb3 h6 13.Nh4 Nb6 14.Ng6 Qc7 15.dxe5 Bxe5
16.Nxe5 Qxe5 17.e4 Be6 18.Rae1 Rad8 19.f4 Bxb3 20.Qxb3 Qe6 21.Qc2 Qd7 22.Bc1 Qd4+
23.Rf2 Qd3 24.Qe2 Nc8 25.a3 b6 26.Qxd3 Rxd3 27.e5 Rdd8 28.b4 Nd5 29.Ne4 f5
30.Nd2 Nc7 31.g4 g6 32.Nc4 Ne6 33.Bb2 Rd3 34.Kh2 Kf7 35.Ne3 Ne7 36.Nc4 Nc8
37.Rc1 Red8 38.Kg2 Rb3 39.Rcc2 Rdd3 40.gxf5 gxf5 41.Nd2 Rg3+ 42.Kf1 Rbd3
43.h4 Ne7 44.Nc4 Kg6 45.Nd6 Kh5 46.Nc8 Nd5 47.Bc1 Nd4 48.e6 Rd1+  0-1

[Event "6th Kolkata Open"]
[Site "Kolkata IND"]
[Date "2013.12.07"]
[Round "2.1"]
[White "Prasanna,Ra"]
[Black "Popov,Iv RUS"]
[Result "1/2-1/2"]
[WhiteElo "2392"]
[BlackElo "2644"]

1.d4 d5 2.c4 c6 3.Nf3 Nf6 4.Nc3 e6 5.e3 Nbd7 6.Bd3 dxc4 7.Bxc4 b5 8.Be2 b4
9.Na4 Bb7 10.O-O Be7 11.Bd2 O-O 12.Rc1 Rc8 13.a3 a5 14.axb4 axb4 15.Nc5 Nxc5
16.dxc5 Qa5 17.Nd4 Ne4 18.Nb3 Qa2 19.Bxb4 Qxb2 20.Qc2 Qxc2 21.Rxc2 Ra8 22.Bf3 Ra4
23.Bxe4 Rxb4 24.Nd4  1/2-1/2

[Event "34th El Corte Ingles"]
[Site "Las Palmas ESP"]
[Date "2013.12.07"]
[Round "8.19"]
[White "Manchon Santana,Alberto"]
[Black "Morales Sanchez,Domingo"]
[Result "0-1"]
[WhiteElo "1623"]
[BlackElo "1456"]

1.d4 d5 2.c4 c6 3.Nc3 Nf6 4.Nf3 e6 5.e3 Nbd7 6.Qc2 Be7 7.g4 h6 8.Rg1 Nh7
9.e4 dxe4 10.Nxe4 Ndf6 11.Bd3 Nxe4 12.Bxe4 Ng5 13.Nxg5 hxg5 14.Be3 Bb4+ 15.Bd2 Bxd2+
16.Qxd2 Rxh2 17.O-O-O Qf6 18.Rdf1 Bd7 19.Rh1 Rxh1 20.Rxh1 O-O-O 21.Kb1 Kb8
22.Rc1 Bc8 23.d5 exd5 24.cxd5 Bxg4 25.Qc2 Bd7 26.Qc5 g6 27.dxc6 Bxc6 28.Bxc6 Qxc6
29.Qxc6 bxc6 30.Rxc6 Rd5 31.Rf6 Rf5 32.Rxf5 gxf5 33.Kc2 Kc7 34.Kd3 Kd6 35.Kd4 f6
36.b4 a6 37.a4 Kc6 38.Kc4 f4 39.Kd4 Kd6 40.Ke4 Ke6 41.b5 f5+ 42.Kd4 axb5
43.axb5 Kd6 44.b6 g4 45.Kd3 g3 46.fxg3 fxg3 47.Ke3 f4+ 48.Kf3 Kc6 49.b7 Kxb7  0-1